Καινοτομικές διδασκαλίες : όλων των μαθημάτων και κλάδων αυτών

Αποθηκεύτηκε σε:
Λεπτομέρειες βιβλιογραφικής εγγραφής
Κύριος συγγραφέας: Θεοδωρόπουλος, Ευθύμιος Θ.
Μορφή: Βιβλίο
Γλώσσα:Greek
Δημοσίευση: Αθήναι : Ι. Φελέκης, 1978
Θέματα:
Ετικέτες: Προσθήκη ετικέτας
Δεν υπάρχουν, Καταχωρήστε ετικέτα πρώτοι!

MARC

LEADER 00000cam a2200000 i 4500
001 1/78258
008 080321s1978 gre d
035 |l 10095686 
040 |a GR-MY-UA  |b gre  |e aacr 
041 0 |a gre 
082 0 |a 371.3028  |2 (22) 
100 1 |a Θεοδωρόπουλος, Ευθύμιος Θ. 
245 1 0 |a Καινοτομικές διδασκαλίες :  |b όλων των μαθημάτων και κλάδων αυτών /  |c Ευθυμίου Θ. Θεοδωρόπουλου 
260 |a Αθήναι :   |b Ι. Φελέκης,   |c 1978 
300 |a 250 σ.;  |b σχέδια, πίν.;  |c 21 εκ. 
504 |a Περιλαμβάνει βιβλιογραφίες 
650 0 0 |a Educational innovations. 
650 0 0 |a Teaching  |x Methods. 
650 0 0 |a Education  |x Methodology. 
852 |a INST  |b RHODES  |c AKA  |e 20080321  |h  371.3028 ΘΕΟ  |p 005400029566  |q 005400029566  |t BK  |y 0 
901 |a BIBL4-2008-1 
909 |a Ρ  |b 150048 
970 |a ΧΑΡΙΟΠΟΛΙΤΟΥ  |b ΚΩΝΣΤΑΝΤΙΝΑ  |z 2008/03/21